000 00652nmm a2200205Ia 4500
008 251105s9999||||xx |||||||||||||||||und||
020 _a9788490298152
041 _aspa
100 _aCavaller Reyes, Víctor
245 0 _aAnálisis de audiencias y estrategias de visibilidad
264 _a[Madrid, España] :
_bUniversitat Oberta de Catalunya,
_c2013
300 _a164 páginas
650 _aEconomics and Business
700 _aCavaller Reyes, Víctor
700 1 _a Vila Grifo, Alícia
700 1 _a Ollé Castellà, Candela
700 1 _a Roca Puigvert, Mercè
856 _uhttps://public.digitaliapublishing.com/a/29368
942 _cCF
999 _c63843
_d63843